The fundamentals of corrosion /
Guardado en:
| Autor Principal: | |
|---|---|
| Formato: | Libro |
| Idioma: | English |
| Publicado: |
Oxford :
Pergamon Press,
1975.
|
| Edición: | 2d ed. |
| Series: | International series of monographs on materials science and technology ;
v. 17 |
| Materias: | |
| Etiquetas: |
Agregar Etiqueta
Sin Etiquetas, Sea el primero en etiquetar este registro!
|
| LEADER | 00850cam a22002535a 4500 | ||
|---|---|---|---|
| 001 | EIQ.libpla001078 | ||
| 008 | 760128s1975####enka#####b####001#0#eng#d | ||
| 005 | 20060724125434.0 | ||
| 245 | 1 | 4 | |a The fundamentals of corrosion / |c J. C. Scully. |
| 250 | |a 2d ed. | ||
| 260 | |a Oxford : |b Pergamon Press, |c 1975. | ||
| 300 | |a xi, 234 p. : |b il. ; |c 21 cm. | ||
| 490 | 0 | |a International series of monographs on materials science and technology ; |v v. 17 | |
| 504 | |a Bibliografía: p. 223-225. | ||
| 500 | |a Incluye índice. | ||
| 020 | |a 0080180817 (hard) | ||
| 020 | |a 0080180809 (pbk.) | ||
| 100 | 1 | |a Scully, J. C. | |
| 082 | 0 | 0 | |a 620.1/623 |2 20 |
| 650 | 4 | |a Corrosión y anti-corrosivos |x Teoría. | |
| 650 | 4 | |a Corrosion and anti-corrosives |x Theory. | |
| 010 | |a 74028581 | ||
| 040 | |a DLC |c DLC |d AR-BbSID | ||
| 859 | |a AR-BbSID |b BIB. PLAPIQUI |h 620.1 |i Sc 46 |p 1877 | ||
